Ratingové stupnice
Tri najväčšie ratingové agentúry majú svoje vlastné postupy udeľovania hodnotenia, výsledky všetkých sú zaznamenané v podobe písmen a zaradené do dvoch hlavných skupín – investičnej a špekulatívnej, pričom pojmy investičný a špekulatívny sa nepovažujú za odporúčania na investovanie.
Gespeichert in:
| 1. Verfasser: | |
|---|---|
| Weitere Verfasser: | |
| Format: | Buchkapitel |
| Sprache: | Slowakisch |
| Schlagworte: | |
| Tags: |
Keine Tags, Fügen Sie das erste Tag hinzu!
|
MARC
| LEADER | 00000nla a2200000 4500 | ||
|---|---|---|---|
| 001 | 0151766 | ||
| 005 | 20240502072720.2 | ||
| 041 | 0 | |a slo | |
| 044 | |a SK | ||
| 245 | 1 | 0 | |a Ratingové stupnice |c Miroslav Kmeťko, Pavel Škriniar |
| 520 | |a Tri najväčšie ratingové agentúry majú svoje vlastné postupy udeľovania hodnotenia, výsledky všetkých sú zaznamenané v podobe písmen a zaradené do dvoch hlavných skupín – investičnej a špekulatívnej, pričom pojmy investičný a špekulatívny sa nepovažujú za odporúčania na investovanie. | ||
| 610 | 2 | 0 | |a rating |
| 100 | 1 | |a Kmeťko, Miroslav, 1969- | |
| 700 | 1 | |a Škriniar, Pavel, 1979- | |